Additive manufacturing of polylactic acid (PLA) cellular scaffolds for bone tissue engineering applications / (رقم التسجيلة. 180077)

تفاصيل مارك
000 -LEADER
fixed length control field 05051namaa22004451i 4500
003 - CONTROL NUMBER IDENTIFIER
control field EG-GICUC
005 - أخر تعامل مع التسجيلة
control field 20260510134205.0
008 - FIXED-LENGTH DATA ELEMENTS--GENERAL INFORMATION
fixed length control field 260510s2025 ua a|||frm||| 000 0 eng d
040 ## - CATALOGING SOURCE
Original cataloguing agency EG-GICUC
Language of cataloging eng
Transcribing agency EG-GICUC
Modifying agency EG-GICUC
Description conventions rda
041 0# - LANGUAGE CODE
Language code of text/sound track or separate title eng
Language code of summary or abstract eng
-- ara
049 ## - Acquisition Source
Acquisition Source Deposit
082 04 - DEWEY DECIMAL CLASSIFICATION NUMBER
Classification number ‪621.815
092 ## - LOCALLY ASSIGNED DEWEY CALL NUMBER (OCLC)
Classification number ‪621.815
Edition number 21
097 ## - Degree
Degree M.Sc
099 ## - LOCAL FREE-TEXT CALL NUMBER (OCLC)
Local Call Number Cai01.13.13.M.Sc.2025.Ab.A
100 0# - MAIN ENTRY--PERSONAL NAME
Authority record control number or standard number Abdellattief Adel Abdellattief Mohamed,
Preparation preparation.
245 10 - TITLE STATEMENT
Title Additive manufacturing of polylactic acid (PLA) cellular scaffolds for bone tissue engineering applications /
Statement of responsibility, etc. by Abdellattief Adel Abdellattief Mohamed ; Supervisors Prof. Mahmoud A. Adly, Prof. Reham Reda Abbas, Prof. Abdallah Abdelfattah Mohamed.
246 15 - VARYING FORM OF TITLE
Title proper/short title التصنيع بالإضافة للهياكل الخلوية المصنوعة من حمض البولي لاكتيك لتطبيقات هندسة أنسجة العظام
264 #0 - PRODUCTION, PUBLICATION, DISTRIBUTION, MANUFACTURE, AND COPYRIGHT NOTICE
Date of production, publication, distribution, manufacture, or copyright notice 2025.
300 ## - PHYSICAL DESCRIPTION
Extent 56 pages :
Other physical details illustrations ;
Dimensions 30 cm. +
Accompanying material CD.
336 ## - CONTENT TYPE
Content type term text
Source rda content
337 ## - MEDIA TYPE
Media type term Unmediated
Source rdamedia
338 ## - CARRIER TYPE
Carrier type term volume
Source rdacarrier
502 ## - DISSERTATION NOTE
Dissertation note Thesis (Ph.D)-Cairo University, 2025.
504 ## - BIBLIOGRAPHY, ETC. NOTE
Bibliography, etc. note Bibliography: pages 47-51.
520 #3 - SUMMARY, ETC.
Summary, etc. Cellular materials are widely used in medical applications. The structure of cellular <br/>materials influences the scaffold’s performance in these applications. This work <br/>studied the effect of unit cell type and unit cell size on additively manufactured cellular <br/>materials' performance for bone tissue engineering applications. <br/>The thesis consists of four chapters. After the introduction in Chapter 1, Chapter 2 <br/>reviews the additive manufacturing technique, biomaterials, and scaffolds, and how <br/>they are utilized in tissue engineering applications. Chapter 3 introduces the <br/>experimental work on additively manufactured scaffolds, the characterization <br/>methods, and parameters to answer the research question: (What is the effect of unit <br/>cell type and unit cell size on the performance of additively manufactured PLA cellular <br/>scaffolds via fused filament fabrication method for bone tissue engineering <br/>applications?). The results discussed in Chapter 4 reveal that unit cell type and size <br/>influence scaffold properties, showing a preference for gyroid structures. Chapter 5 <br/>provides conclusions and recommendations based on the provided results and <br/>discussions.
520 #3 - SUMMARY, ETC.
Summary, etc. تُستخدم المواد الخلوية على نطاق واسع في التطبيقات الطبية. هيكل المواد الخلوية يؤثر على أداء الدعامة في هذه التطبيقات. درست هذه الدراسة تأثير نوع وحدة بناء الهيكل الخلوي وحجم الخلية الواحدة على أداء المواد الخلوية المصنعة بالإضافة في تطبيقات هندسة الأنسجة العظمية. <br/>تتكون هذه الأطروحة من خمسة فصول. بعد المقدمة في الفصل الأول، يستعرض الفصل الثاني تقنية التصنيع بالإضافة، والمواد الحيوية، والهياكل المسامية وكيفية توظيفهم في تطبيقات هندسة الأنسجة. يقدم الفصل الثالث العمل التجريبي على الهياكل المسامية المصنعة بالإضافة، وطرق وخصائص التوصيف بهدف الإجابة عن سؤال البحث: ما هو تأثير نوع الخلية البنائية وحجمها على أداء الهياكل المسامية المصنوعة من حمض البولي لاكتيك بطريقة التشكيل بالخيوط المنصهرة.لتطبيقات هندسة العظام؟. تكشف النتائج التي نوقشت في الفصل الرابع أن نوع الخلية الواحدة وحجمها يؤثران على خصائص الهياكل المسامية، مع إظهار تفضيل للخلية من نوع الجايرويد. أما الفصل الخامس فيقدم الاستنتاجات والتوصيات بناءً على النتائج والمناقشات المطروحة.
530 ## - ADDITIONAL PHYSICAL FORM AVAILABLE NOTE
Issues CD Issues also as CD.
546 ## - LANGUAGE NOTE
Text Language Text in English and abstract in Arabic & English.
650 #0 - SUBJECT ADDED ENTRY--TOPICAL TERM
Topical term or geographic name entry element ‪Machine design
650 #0 - SUBJECT ADDED ENTRY--TOPICAL TERM
Topical term or geographic name entry element هندسة التصميم الميكانيكي
653 #1 - INDEX TERM--UNCONTROLLED
Uncontrolled term Additive manufacturing (AM)
-- Fused filament fabrication (FFF)
-- Polylactic acid (PLA)
-- Bone scaffolds
-- Cellular lattice material
-- التصنيع بالاضافة،
-- النمذجة بالترسيب المنصهر
700 0# - ADDED ENTRY--PERSONAL NAME
Personal name Mahmoud A. Adly
Relator term thesis advisor.
700 0# - ADDED ENTRY--PERSONAL NAME
Personal name Reham Reda Abbas
Relator term thesis advisor.
700 0# - ADDED ENTRY--PERSONAL NAME
Personal name Abdallah Abdelfattah Mohamed
Relator term thesis advisor.
900 ## - Thesis Information
Grant date 01-01-2025.
Supervisory body Mahmoud A. Adly
-- Reham Reda Abbas
-- Abdallah Abdelfattah Mohamed
Universities Cairo University
Faculties Faculty of Engineering
Department Department of Mechanical Design and Production Engineering
905 ## - Cataloger and Reviser Names
Cataloger Name Shimaa
942 ## - ADDED ENTRY ELEMENTS (KOHA)
Source of classification or shelving scheme Dewey Decimal Classification
Koha item type Thesis
Edition 21
Suppress in OPAC No
المقتنيات
Source of classification or shelving scheme Home library Current library Date acquired Inventory number Full call number Barcode Date last seen Effective from Koha item type
Dewey Decimal Classification المكتبة المركزبة الجديدة - جامعة القاهرة قاعة الرسائل الجامعية - الدور الاول 10.05.2026 93997 Cai01.13.13.M.Sc.2025.Ab.A 01010110093997000 10.05.2026 10.05.2026 Thesis
Cairo University Libraries Portal Implemented & Customized by: Eng. M. Mohamady Contacts: new-lib@cl.cu.edu.eg | cnul@cl.cu.edu.eg
CUCL logo CNUL logo
© All rights reserved — Cairo University Libraries
CUCL logo
Implemented & Customized by: Eng. M. Mohamady Contact: new-lib@cl.cu.edu.eg © All rights reserved — New Central Library
CNUL logo
Implemented & Customized by: Eng. M. Mohamady Contact: cnul@cl.cu.edu.eg © All rights reserved — Cairo National University Library